La lectura de un siglo a otro: discursos sobre la lectura, 1980-2000

I tiakina i:
Ngā taipitopito rārangi puna kōrero
Ngā kaituhi matua: Chartier, Anne-Marie (Author), Hébrard, Jean (Author)
Hōputu: Pukapuka
Reo:Pāniora
I whakaputaina: Barcelona Gedisa 2002
Putanga:1a. ed
Rangatū:Colección Lea. Lenguaje, Escritura, Alfabetización
Ngā marau:
Ngā Tūtohu: Tāpirihia he Tūtohu
Kāore He Tūtohu, Me noho koe te mea tuatahi ki te tūtohu i tēnei pūkete!

MARC

LEADER 00000nam a2200000 a 4500
001 UCK2999
003 CL-VaPUC
008 050401e20020000SP |||||||||||||||||spa|d
020 |a 8474329566 
082 0 4 |a 028.9  |b CHA  |2 21 
100 0 |a Chartier, Anne-Marie  |e author  |9 490997 
700 0 |a Hébrard, Jean  |e author  |9 490998 
245 1 3 |a La lectura de un siglo a otro: discursos sobre la lectura, 1980-2000 
250 |a 1a. ed 
300 |a 205 p 
942 |c BK 
945 |d 20050401 00:00:00  |a cmena 
260 |a Barcelona  |b Gedisa  |c 2002 
650 0 |a Lectura  |9 307634 
650 0 |a Promoción de la lectura   |9 334232 
650 0 |a Internet   |9 254823 
650 0 |a Cambio social   |9 256857 
583 |a last modification  |c 20050401 00:00:00  |k Rodrigo Vera 
490 0 |a Colección Lea. Lenguaje, Escritura, Alfabetización 
999 |c 312348  |d 312346 
952 |0 0  |1 0  |4 0  |6 028_900000000000000_CHA_2002  |7 0  |8 A  |9 382510  |a BIBEDU  |b BIBEDU  |d 2019-11-21  |i 4107063  |o 028.9 CHA 2002  |p 4107063  |r 2019-11-21  |w 2019-11-21  |y BK  |k LIT